Statistics for Generals of WWI / WW1

Click here to take the quiz!

General Stats

  • This quiz has been taken 80 times
  • The average score is 7 of 16

Answer Stats

Answer% Correct
Paul von Hindenburg
89%
Philippe Pétain
79%
Sir Douglas Haig
63%
Ferdinand Foch
61%
Erich von Ludendorff
58%
August von Mackensen
52%
John J. Pershing
50%
Enver Pasha
39%
Erich von Falkenhayn
39%
Conrad von Hötzendorf
32%
Aleksei Brusilov
31%
Sir John French
31%
Luigi Cadorna
27%
Paul von Lettow-Vorbeck
26%
Lord Kitchener
24%
Svetozar Boroević
18%

Score Distribution

Percentile by Number Answered

Percent of People with Each Score

Your Score History

You have not taken this quiz